Statistiques concernant Culture Générale - Série 33

Cliquez ici pour prendre le quiz!

Statistiques générales

  • Ce quiz a été pris 485 fois
  • Le résultat moyen est 5 sur 10

Statistiques - réponses

QuestionRéponse% Correct
Dans quel état américain peut-on trouver la faille de San Andreas ?Californie
91%
Quel pays a pour capitale Minsk ?Biélorussie
85%
Quelle route mythique des Etats Unis relie Chicago à Los Angeles ?Route 66
84%
Dans quel pays est situé le champ de bataille de Waterloo ?Belgique
84%
Quelle ville est considérée comme la capitale de l'automobile américaine ?Detroit
61%
JUles Cesar aurait pronocé la phrase célèbre "alea jacta est" en franchissant quel fleuve ?Rubicon
51%
Comment appelle-t-on un cheval castré ?Hongre
25%
Quel animal est issu du croisement d'un étalon et d'une ânesse ?Bardot
14%
Comment appelle-t-on l'âne sauvage vivant en Asie, principalement en Mongolie et dans quelques provinces chinoises ?Onagre
9%
Comment appelle-t-on l'alevin de l'anguille ?Civelle
9%

Distribution des résultats

Percentile par nombre de réponses

% des personnes avec chaque résultat

Votre développement - résultats

Vous n’avez pas pris ce quiz